| 000 | 00681nam a22002537a 4500 | ||
|---|---|---|---|
| 001 | 43409 | ||
| 003 | UA-OsUOA | ||
| 005 | 20200414160841.0 | ||
| 007 | ta | ||
| 008 | 20061222b un ||||| |||| 00| 0 ukr d | ||
| 040 |
_aUA-OsUOA _bukr _cUA-OsUOA _dUA-OsUOA |
||
| 041 | _aukr | ||
| 080 | _a821.512.32 | ||
| 090 |
_a821.512.32 _bГ18 |
||
| 100 | _aГамзатов Р. | ||
| 245 | _aМій Дагестан | ||
| 246 | 3 | 1 | _aкн. 2 |
| 260 |
_aК. _bДніпро _c1972 |
||
| 300 | _a168 с. | ||
| 650 | 7 |
_a82 Література. Літературознавство _2UDC |
|
| 942 |
_cBK _2udc |
||
| 955 | _a3 | ||
| 999 |
_c329538 _d329538 |
||